00469 2200169 4500001002100000005001500021008004100036035001900077041000700096082000800103090001400111100001600125245006900141260003000210300001800240650004100258INLIS00000000001666120241224115151241224||||||||| | ||| |||| || |  0010-1224016661 aid0 a630 a630 RIS m0 aRismunandar00aMEMPERBAIKI LINGKUNGAN DENGAN BERCOCOKTANAM JAMBU MEDE & ADVOKAT aBandungbSinar Baruc1990 a76hlm;15X21cm 0aPertanian & Teknologi Yang Berkaitan